ARRUPE JESUIT UNIVERSITY

CORONAVIRUS -STOP THE SPREAD - CLEAN,DISINFECT,COVER

The Jesuit mystique (Record no. 98260)

MARC details
000 -LEADER
fixed length control field 00561nam a2200229Ia 4500
003 - CONTROL NUMBER IDENTIFIER
control field 0100
008 - FIXED-LENGTH DATA ELEMENTS--GENERAL INFORMATION
fixed length control field 130307s9999 xx 000 0 und d
040 ## - CATALOGING SOURCE
Transcribing agency ARRUPELIB
050 ## - LIBRARY OF CONGRESS CALL NUMBER
Classification number BX3702.2.L47 1995
300 ## - PHYSICAL DESCRIPTION
Other physical details 23 cm.
100 ## - MAIN ENTRY--PERSONAL NAME
Personal name Letson, Douglas
245 #4 - TITLE STATEMENT
Title The Jesuit mystique
260 ## - PUBLICATION, DISTRIBUTION, ETC. (IMPRINT)
Place of publication, distribution, etc Toronto
260 ## - PUBLICATION, DISTRIBUTION, ETC. (IMPRINT)
Name of publisher, distributor, etc Macmillan Canada
260 ## - PUBLICATION, DISTRIBUTION, ETC. (IMPRINT)
Date of publication, distribution, etc 1995
300 ## - PHYSICAL DESCRIPTION
Extent 276p.
650 ## - SUBJECT ADDED ENTRY--TOPICAL TERM
Topical term or geographic name as entry element CATHOLIC CHURCH
650 ## - SUBJECT ADDED ENTRY--TOPICAL TERM
Topical term following geographic name as entry element Jesus Christ-Buddhist interpretations
650 ## - SUBJECT ADDED ENTRY--TOPICAL TERM
Location of event Buddhism-relations-Christianity
700 ## - ADDED ENTRY--PERSONAL NAME
Personal name Higgins, Michael
942 00 - ADDED ENTRY ELEMENTS (KOHA)
Koha issues (borrowed), all copies 3
Holdings
Withdrawn status Lost status Source of classification or shelving scheme Damaged status Not for loan Collection code Home library Current library Date acquired Total Checkouts Full call number Barcode Date last seen Copy number Price effective from Koha item type Shelving location Date checked out
    Library of Congress Classification     Main Collection ARRUPE LIBRARY ARRUPE LIBRARY 05/03/2013   BX3702.2L47 1996 46500010223 22/11/2017 1 05/03/2013 Monograph ( Printed materials)    
    Library of Congress Classification     Main Collection ARRUPE LIBRARY ARRUPE LIBRARY 07/03/2013 6 BX3702.2.L47 1995 46003071840 22/11/2017 2 07/03/2013 Monograph ( Printed materials)   12/11/2015

 

Arrupe Library. PO Box MP320 Mt Pleasant, Harare, Zimbabwe
263 242 745411|librarian@aju.ac.zw